101 cách nuôi những con vật đáng yêu; T2: Mèo

Đã lưu trong:
書目詳細資料
格式: 圖書
語言:Undetermined
出版: Tp. HCM Tổng hợp Tp. HCM 2003
主題:
cat
標簽: 添加標簽
沒有標簽, 成為第一個標記此記錄!
Thư viện lưu trữ: Trung tâm Học liệu Trường Đại học Cần Thơ
LEADER 00498nam a2200181Ia 4500
001 CTU_59884
008 210402s9999 xx 000 0 und d
020 |b 10000 
082 |a 636.8 
082 |b M458 
245 0 |a 101 cách nuôi những con vật đáng yêu; T2: Mèo 
245 0 |c SaiGonBook biên dịch 
260 |a Tp. HCM 
260 |b Tổng hợp Tp. HCM 
260 |c 2003 
650 |a cat 
904 |i Minh 
980 |a Trung tâm Học liệu Trường Đại học Cần Thơ